Sports Quiz

Random Sports or Letter Quiz

3 Letter Sports Acronyms Quiz Stats

 Plays Quiz Updated Dec 16, 2018

Support Sporcle.
Go Orange.
Score 0/30 Timer 06:00
2 Plays Today
Acronym Meaning % Correct
NFLNational Football League
94.1%
MLBMajor League Baseball
93.1%
NHLNational Hockey League
92.5%
NBANational Basketball Association
92.1%
AFLArena Football League
90.9%
AFCAmerican Football Conference
87.8%
MLSMajor League Soccer
87.7%
NFCNational Football Conference
85.9%
ERAEarned Run Average
79.8%
RBIRuns Batted In
79.7%
PPGPower Play Goal
74%
ACCAtlantic Coast Conference
72.8%
SECSoutheastern Conference
69.3%
OBPOn Base Percentage
67.4%
BCSBowl Championship Series
65.7%
Acronym Meaning % Correct
PATPoint After Touchdown
65.2%
HBPHit By Pitch
63.1%
WWEWorld Wrestling Entertainment
62.2%
MLLMajor League Lacrosse
58.7%
LOBLeft On Base
58%
UFCUltimate Fighting Championship
57.4%
NITNational Invitation Tournament
57.1%
PGAProfessional Golfers' Association
55.3%
IOCInternational Olympic Committee
54.6%
WACWestern Athletic Conference
49%
PBAProfessional Bowlers Association
46.1%
WBOWorld Boxing Organization
41.3%
GAAGoals Against Average
40.1%
FBSFootball Bowl Subdivision
28.8%
WPTWorld Poker Tour
28%

From the Vault

Disney Threesomes

by LTH

We always thought trios made it harder to split the bill.
Remove Ads.
Support Sporcle.
Get the best of Sporcle when you Go Orange. This ad-free experience offers more features, more stats, and more fun while also helping to support Sporcle. Thank you for becoming a member.

Show Comments

Extras

Top Quizzes Today


Score Distribution

Your Account Isn't Verified!

In order to create a playlist on Sporcle, you need to verify the email address you used during registration. Go to your Sporcle Settings to finish the process.

Report this User

Report this user for behavior that violates our Community Guidelines.

Details: